[Event "Madrid-ch Sub12 2022"]
[Site "Madrid ESP"]
[Date "2022.04.10"]
[Round "6.3"]
[White "Jimenez Carrazoni, Marta Elena"]
[Black "Melgar Morraja, Mateo"]
[Result "1-0"]
[WhiteElo "1528"]
[BlackElo "1463"]
[PlyCount "53"]
[EventDate "2022.04.02"]
[EventType "swiss"]
[EventRounds "6"]
[EventCountry "ESP"]
[SourceTitle "Ajedrez en Madrid"]
[Source "lmi"]
[SourceDate "2022.07.30"]
[SourceVersion "1"]
[SourceVersionDate "2022.07.30"]
[SourceQuality "1"]

1. d4 d5 2. Nc3 Nf6 3. Bf4 a6 4. e3 e6 5. Bd3 c5 6. Nf3 Nbd7 7. O-O Be7 8. a4
O-O 9. b3 b6 10. Nb1 Bb7 11. Ne5 Nxe5 12. dxe5 Nd7 13. Qh5 g6 14. Qg4 Re8 15.
Nd2 Bf8 16. Bg3 Bg7 17. f4 Qc7 18. Qh3 d4 19. e4 Nb8 20. Nc4 Nc6 21. Nd6 Red8
22. Bc4 Bf8 23. Nxf7 Re8 24. Ng5 Bc8 25. f5 gxf5 26. exf5 Nxe5 27. Bxe5 1-0

[Event "Madrid-ch Sub12 2022"]
[Site "Madrid ESP"]
[Date "2022.04.10"]
[Round "6.4"]
[White "Rodriguez Claes, Adrian"]
[Black "Ibañez Valentin, Gabriel"]
[Result "1-0"]
[WhiteElo "1430"]
[BlackElo "1105"]
[PlyCount "105"]
[EventDate "2022.04.02"]
[EventType "swiss"]
[EventRounds "6"]
[EventCountry "ESP"]
[SourceTitle "Ajedrez en Madrid"]
[Source "lmi"]
[SourceDate "2022.07.30"]
[SourceVersion "1"]
[SourceVersionDate "2022.07.30"]
[SourceQuality "1"]

1. e4 c6 2. d4 d5 3. e5 Bf5 4. Bd3 Bxd3 5. Qxd3 e6 6. Nf3 Nd7 7. O-O Nb6 8. b3
Ne7 9. Ba3 Ng6 10. Bxf8 Nxf8 11. c4 Ng6 12. c5 Nd7 13. Nc3 Qa5 14. a3 Nf4 15.
Qe3 Qxc3 16. Qxf4 O-O 17. Rfc1 Qxb3 18. Rab1 Qxa3 19. Rxb7 Rad8 20. Qd2 Qa6 21.
Rc7 f6 22. Qc3 Rf7 23. Ra1 Qe2 24. Raxa7 fxe5 25. dxe5 Qd1+ 26. Qe1 Qxe1+ 27.
Nxe1 Nxe5 28. Rxf7 Nxf7 29. Re7 Kf8 30. Rxe6 Re8 31. Rxe8+ Kxe8 32. Nd3 Kd7 33.
Kf1 g5 34. Ke2 Ke6 35. Ke3 Nh6 36. f3 Nf5+ 37. Kf2 d4 38. Nb4 h6 39. g4 Ne3 40.
Nxc6 Kd5 41. Ne7+ Kxc5 42. Ng8 Kc4 43. Nxh6 Kc3 44. Nf5 Kd2 45. Nxd4 Kd3 46.
Ne6 Nd1+ 47. Kg3 Ne3 48. Nxg5 Nf1+ 49. Kg2 Ne3+ 50. Kg1 Kd4 51. h4 Ke5 52. Kf2
Kf4 53. Nh3+ 1-0

[Event "Madrid-ch Sub12 2022"]
[Site "Madrid ESP"]
[Date "2022.04.10"]
[Round "6.5"]
[White "Zhao, Yuyang"]
[Black "Bozhkov Stoyanov, Cristopher"]
[Result "0-1"]
[WhiteElo "1438"]
[BlackElo "1395"]
[PlyCount "58"]
[EventDate "2022.04.02"]
[EventType "swiss"]
[EventRounds "6"]
[EventCountry "ESP"]
[SourceTitle "Ajedrez en Madrid"]
[Source "lmi"]
[SourceDate "2022.07.30"]
[SourceVersion "1"]
[SourceVersionDate "2022.07.30"]
[SourceQuality "1"]

1. d4 Nf6 2. Bf4 g6 3. e3 Bg7 4. Be2 b6 5. Nd2 Bb7 6. Ngf3 O-O 7. c4 d6 8. h4
Nbd7 9. Rg1 Re8 10. g4 e5 11. Bh2 Ne4 12. g5 exd4 13. exd4 Nxd2 14. Nxd2 Bxd4
15. Kf1 Be5 16. f4 Bd4 17. Rg3 Re3 18. Nf3 Bc5 19. Bg1 Re8 20. h5 Qe7 21. Qd2
Be3 22. Qxe3 Qxe3 23. Bxe3 Rxe3 24. Kf2 Rae8 25. Re1 Nc5 26. Kf1 gxh5 27. Bd1
h4 28. Rh3 Nd3 29. Rxe3 Rxe3 0-1

[Event "Madrid-ch Sub12 2022"]
[Site "Madrid ESP"]
[Date "2022.04.10"]
[Round "6.6"]
[White "Rico Ropero, Marcos"]
[Black "Sanchez Villodres, Mario"]
[Result "1-0"]
[WhiteElo "1231"]
[BlackElo "1388"]
[PlyCount "65"]
[EventDate "2022.04.02"]
[EventType "swiss"]
[EventRounds "6"]
[EventCountry "ESP"]
[SourceTitle "Ajedrez en Madrid"]
[Source "lmi"]
[SourceDate "2022.07.30"]
[SourceVersion "1"]
[SourceVersionDate "2022.07.30"]
[SourceQuality "1"]

1. d4 e6 2. e3 Nf6 3. Bd3 d5 4. Nd2 c5 5. c3 Nc6 6. f4 Bd6 7. Ngf3 cxd4 8. cxd4
Nb4 9. Bb1 b6 10. a3 Nc6 11. Ne5 Bb7 12. O-O h5 13. Qf3 Rc8 14. Bd3 a6 15. b4
b5 16. Bb2 Qe7 17. Qg3 Qf8 18. Ndf3 Ne4 19. Bxe4 dxe4 20. Ng5 Nd8 21. Qh3 Rh6
22. f5 Qe7 23. fxe6 f6 24. Nef7 Nxf7 25. Nxf7 Rh7 26. Qf5 Rh6 27. Nxh6 gxh6 28.
Qg6+ Kd8 29. Rxf6 Bc6 30. Rf7 Qe8 31. d5 Rc7 32. Bf6+ Be7 33. dxc6 1-0

[Event "Madrid-ch Sub12 2022"]
[Site "Madrid ESP"]
[Date "2022.04.10"]
[Round "6.7"]
[White "Pantiga Aguilar, Alejandro"]
[Black "Mata Medina, Andres"]
[Result "0-1"]
[WhiteElo "1130"]
[BlackElo "1439"]
[PlyCount "66"]
[EventDate "2022.04.02"]
[EventType "swiss"]
[EventRounds "6"]
[EventCountry "ESP"]
[SourceTitle "Ajedrez en Madrid"]
[Source "lmi"]
[SourceDate "2022.07.30"]
[SourceVersion "1"]
[SourceVersionDate "2022.07.30"]
[SourceQuality "1"]

1. e4 c5 2. Nf3 d6 3. d4 cxd4 4. Nxd4 Nf6 5. Nc3 a6 6. Be2 e5 7. Nf3 b5 8. a3
Bb7 9. Bd3 Nbd7 10. O-O Be7 11. Re1 Rc8 12. Bd2 h6 13. h3 Nc5 14. Rc1 g5 15. b4
Ne6 16. Nd5 Bxd5 17. exd5 Nxd5 18. Bf5 Qd7 19. Qe2 Rg8 20. Qe4 Nf6 21. Qd3 Rc4
22. Be3 e4 23. Qd1 exf3 24. Qxf3 Qc6 25. Qe2 Nd5 26. Bxe6 fxe6 27. Qh5+ Kd8 28.
Qxh6 Nf4 29. Bxf4 gxf4 30. f3 Rxc2 31. Qxe6 Rgxg2+ 32. Kh1 Rh2+ 33. Kg1 Rcg2+
0-1

[Event "Madrid-ch Sub12 2022"]
[Site "Madrid ESP"]
[Date "2022.04.10"]
[Round "6.8"]
[White "Lopez Lopez, Pablo"]
[Black "Morales Clares, Aaron"]
[Result "1-0"]
[WhiteElo "1238"]
[BlackElo "1130"]
[PlyCount "89"]
[EventDate "2022.04.02"]
[EventType "swiss"]
[EventRounds "6"]
[EventCountry "ESP"]
[SourceTitle "Ajedrez en Madrid"]
[Source "lmi"]
[SourceDate "2022.07.30"]
[SourceVersion "1"]
[SourceVersionDate "2022.07.30"]
[SourceQuality "1"]

1. d4 d5 2. c4 e6 3. Nc3 Be7 4. Nf3 Nf6 5. Bf4 O-O 6. e3 Bd7 7. Qb3 b6 8. cxd5
exd5 9. Nxd5 Be6 10. Nxe7+ Qxe7 11. Bc4 Nh5 12. Bxe6 Nxf4 13. Bd5 Nxd5 14. Qxd5
Qb4+ 15. Nd2 Qxb2 16. Rb1 c6 17. Qxf7+ Rxf7 18. Rxb2 Nd7 19. O-O c5 20. dxc5
Nxc5 21. Nc4 Rf6 22. Rd1 Raf8 23. Rd6 Rxd6 24. Nxd6 Rd8 25. Rd2 Kf8 26. g3 g6
27. Nc4 Rxd2 28. Nxd2 Ke7 29. f4 Ke6 30. Kf2 Nd3+ 31. Kf3 b5 32. Nb3 Nb4 33.
Nd4+ Kd6 34. Nxb5+ Kc6 35. Nxa7+ Kb6 36. Nc8+ Kc7 37. Ne7 Kd6 38. Ng8 h5 39.
Nf6 Nxa2 40. e4 Nc3 41. e5+ Ke6 42. Ne4 Nd5 43. Ng5+ Kf5 44. h3 h4 45. g4# 1-0